| 000 | 00614nam a22002417a 4500 | ||
|---|---|---|---|
| 003 | UA-OsUOA | ||
| 001 | 25758 | ||
| 007 | ta | ||
| 008 | 20040427b un ||||| |||| 00| 0 ukr d | ||
| 090 |
_a354(4-191.2) _bД38 |
||
| 942 | _cBK | ||
| 040 |
_aUA-OsUOA _brus _cUA-OsUOA _dUA-OsUOA |
||
| 245 |
_aДецентрализация: экперементы и реформы _cРед. Тамаш М.Хорват |
||
| 300 | _a483 с. | ||
| 955 | _a0 | ||
| 041 | _arus | ||
| 080 | _a354(4-191.2) | ||
| 020 | _a963-00-49880 | ||
| 260 |
_aБудапешт _c2000 |
||
| 044 | _aHU | ||
| 650 | 7 | _2UDC | |
| 999 |
_c312058 _d312058 |
||